000 00471nam a2200169Ia 4500
008 240729s9999 xx 000 0 und d
022 _a1607-8888
245 0 _aStress
260 _aUnited Kingdom
260 _bTaylor & Francis Group
650 _a Internal medicine
650 _a Neurosciences. Biological psychiatry. Neuropsychiatry
650 _aMedicine
856 _uhttps://doaj.org/toc/f1a661c623744861a0c26efba1420ff8
942 _2ddc
942 _cDOAJEJ
999 _c69099
_d69099
945 _a1
_bMadushi Gamage
_c1
_dMadushi Gamage